000 00956nam a2200265 i 4500
001 83824
003 ES-MaACL
005 20250905123710.0
007 t|
008 041118m19461949mx ||||1| spa d
100 1 _aJaeger, Werner.
_965896
245 1 0 _aPaideia
_b: los ideales de la cultura griega /
_cWerner Jaeger ; versión española de Joaquín Xirau.
250 _a2ª ed.
260 _aMéxico :
_bFondo de Cultura Económica de México,
_c1946-1949 (
_fGráf. Panamericana)
300 _a3 v. ;
_c24 cm.
594 _aV.. 2 y 3 traducidos por Wenceslao Roces.
650 7 _aEducación griega
_2embne
_9165474
650 4 _aCivilización griega.
_9137206
650 7 _aFilosofía griega
_2embne
_912849
650 0 4 _aLiteratura griega-
_xHistoria y crítica.
_914599
700 1 _aXirau, Joaquín,
_d1895-1946
_9117516
700 1 _aRoces, Wenceslao,
_d1897-1992
_998039
852 _aES-MaACL
_jB-2263-65
999 _c83824
_d83824